U.S. Congressmen Who Served In The Military - Statistics

General Stats
  • This quiz has been taken 33 times
    4 since last reset
  • The average score is 23 of 74
Answer Stats
Branch Congressman State % Correct
Army Bobby Scott Virginia
50%
Army Brian Mast Florida
50%
Air Force Chrissy Houlahan Pennsylvania
50%
Navy Dan Crenshaw Texas
50%
Army Darrell Issa California
50%
Air Force Don Bacon Nebraska
50%
Army Eugene Vindman Virginia
50%
Army Greg Steube Florida
50%
Marine Corps Jack Bergman Michigan
50%
Navy Jake Ellzey Texas
50%
Marine Corps Jared Golden Maine
50%
Navy Maggie Goodlander New Hampshire
50%
Navy Morgan Luttrell Texas
50%
Army Pat Ryan New York
50%
Navy Ronny Jackson Texas
50%
Army Sanford Bishop Georgia
50%
Marine Corps Seth Moulton Massachusetts
50%
Navy Tony Gonzales Texas
50%
Air Force Zach Nunn Iowa
50%
Army Abraham Hamadeh Arizona
25%
Navy Andrew Clyde Georgia
25%
Navy Andy Harris Maryland
25%
Air Force Anna Paulina Luna Florida
25%
Air Force August Pfluger Texas
25%
Air Force Barry Loudermilk Georgia
25%
Army Brett Guthrie Kentucky
25%
Navy Chris Deluzio Pennsylvania
25%
Army Clay Higgins Louisiana
25%
Army Cory Mills Florida
25%
Army Derek Tran California
25%
Navy Derrick Van Orden Wisconsin
25%
Air Force Don Davis North Carolina
25%
Navy Eli Crane Arizona
25%
Army Gabe Evans Colorado
25%
Navy Gil Cisneros California
25%
Navy Guy Reschenthaler Pennsylvania
25%
Army Hal Rogers Kentucky
25%
Marine Corps Jake Auchincloss Massachusetts
25%
Army Jason Crow Colorado
25%
Navy Jen Kiggans Virginia
25%
Army Jim Baird Indiana
25%
Navy Jimmy Panetta California
25%
Army Joe Wilson South Carolina
25%
Army John James Michigan
25%
Navy John McGuire Virginia
25%
Army Keith Self Texas
25%
Army Mariannette Miller-Meeks Iowa
25%
Army Mark Amodei Nevada
25%
Marine Corps Max Miller Ohio
25%
Marine Corps Mike Bost Illinois
25%
Army Mike Carey Ohio
25%
Army Mike Thompson California
25%
Army Neal Dunn Florida
25%
Navy Nick LaLota New York
25%
Air Force Pat Fallon Texas
25%
Army Pat Harrigan North Carolina
25%
Navy/Marine Corps Rich McCormick Georgia
25%
Army Rick Crawford Arkansas
25%
Navy Ryan Zinke Montana
25%
Marine Corps Salud Carbajal California
25%
Navy Scott Franklin Florida
25%
Army Scott Perry Pennsylvania
25%
Army Steve Womack Arkansas
25%
Air Force Ted Lieu California
25%
Army Tom Barrett Michigan
25%
Army Trent Kelly Mississippi
25%
Air Force Troy Downing Montana
25%
Army Troy Nehls Texas
25%
Air Force Vern Buchanan Florida
25%
Army Warren Davidson Ohio
25%
Army Wesley Hunt Texas
25%
Air Force William Timmons South Carolina
25%
Navy Brandon Williams New York
0%
Army Matt Van Epps Tennessee
0%
No matching quizzes found
Score Distribution
Percent of People with Each Score
Percentile by Number Answered
Your Score History
You have not taken this quiz since the last reset